| 000 | 00819nam a2200193Ia 4500 | ||
|---|---|---|---|
| 008 | 0000001977 ck a 0000000000spa00 | ||
| 090 | _aPSP00 M65s | ||
| 100 | 1 | _aMonroy, Manuel Alfonso | |
| 245 | 1 | 0 |
_aSebastián Palomo Linares _b: 1a exposición de óleos _c/ textos Manuel Alfonso Monroy |
| 300 |
_a[26] p. _c/ 22 cm. |
||
| 500 | _aExposición realizada en Arte Independencia La Galería de Colombia, Bogotá, 1977 \ Con el patronazgo del maestro venezolano Jesús Rafael Soto (q.e.p.d.) \ | ||
| 600 | 0 | 0 |
_aPALOMO LINARES, SEBASTIAN, 1948/ _xTRABAJOS PICTORICOS |
| 650 | 1 | 4 | _aARTE CONTEMPORANEO ESPAÑOL |
| 650 | 1 | 4 | _xCATALOGOS |
| 650 | 1 | 4 | _xEXPOSICIONES |
| 650 | 1 | 4 | _aPINTORES ESPAÑOLES |
| 650 | 1 | 4 | _aPINTURA ESPAÑOLA |
| 999 |
_c6847 _d6847 |
||
| 260 |
_aBogotá : Arte Independencia la Galería de Colombia _c1977 |
||